| 000 | 00802nam a2200253Ia 4500 | ||
|---|---|---|---|
| 005 | 20210727153055.0 | ||
| 008 | 121119s1998 sp a gr 000 j spa | ||
| 020 | _a8489846308 | ||
| 041 | 0 | _aspa | |
| 100 | 1 |
_aMare, Walter de la _d1873-1956 |
|
| 245 | 1 | 0 |
_aSeñor pez _bWalter de la Mare ; ilustrado por Patrick Benson |
| 250 | _aPrimera edición | ||
| 300 |
_a123 páginas _bilustraciones _c17 cm |
||
| 650 | 1 | 4 |
_aCuentos infantiles ingleses _2LEMB |
| 650 | 1 | 4 |
_aPescadores _xCuentos infantiles _2LEMB |
| 650 | 1 | 4 |
_aLiteratura infantil inglesa _2LEMB |
| 942 |
_2loc _cBKINF |
||
| 264 |
_aBarcelona _bAlba _c1998 |
||
| 336 |
_atexto _btxt _2rdacontent |
||
| 337 |
_asin mediación _bn _2rdamedia |
||
| 338 |
_avolumen _bnc _2rdacarrier |
||
| 040 |
_aCO-BoRNBP _bspa _erda _cCO-BoRNBP |
||
| 084 | _aC MAR15 | ||
| 999 |
_c1945 _d1945 |
||